Géographie de l'Asie par lettre - B - Statistiques

Statistiques générales
  • Ce quiz a été pris 209 fois
  • Le résultat moyen est 13 sur 20
Statistiques - réponses
Indice Réponse % Correct
Capitale de l'Irak Bagdad
95%
Nom de l'industrie du Cinéma en Inde Bollywood
95%
Île indonésienne très visitée par les touristes et présentant la particularité d'être à majorité hindoue Bali
91%
Religion majoritaire de ce pays ainsi que de plusieurs pays d'Asie du Sud Le Bouddhisme
86%
Royaume insulaire relié à l'Arabie saoudite uniquement par un pont Bahreïn
85%
"Capitale du Nord" en Chinois Beijing
84%
Pays dont le drapeau arbore un dragon blanc Le Bhoutan
84%
Ville antique autrefois située à 100 km de cette capitale Babylone
83%
Détroit entre la Russie et l'Alaska Le détroit de {Béring}
83%
Golfe dans lequel se jette le Gange Le golfe du {Bengale}
83%
Plante à la croissance rapide utilisée en Chine depuis des millénaires pour l'architecture, l'alimentation, le dessin, la fabrication de chapeaux, meubles ou échafaudages... Le Bambou
80%
En Sibérie, un autre lac encore plus grand et le plus profond du monde Le lac {Baïkal}
77%
Tour la plus haute du monde située au Moyen-orient Le Burj Khalifa
73%
Grande île divisée entre trois pays et en grande partie couverte par la jungle Bornéo
68%
Détroit reliant la mer de Marmara et la mer Noire Le Bosphore
66%
Capitale du Kirghizistan Bichkek
63%
Affluent du Gange et dont la source est au Tibet Le Brahmapoutre
25%
Région culturelle aride à cheval entre l'Iran l'Afghanistan et le Pakistan Le Baloutchistan
12%
Plus grand lac d'eau douce du Japon, régulièrement cité dans la littérature en raison de sa proximité avec le berceau culturel du Japon Le lac {Biwa}
6%
Région historique antique entre l'Afghanistan, le Pakistan ou le Tadjikistan et qui serait le berceau de l'Empire perse et du Zoroastrisme, La Bactriane
5%
Aucun quiz correspondant
Distribution des résultats
% des personnes avec chaque résultat
Percentile par nombre de réponses
Votre historique - résultats
Vous n’avez pas pris ce quiz